Представление документа в формате RUSMARC

ПолеНазваниеЗначение
  Тип записи c
  Библиографический уровень m
001 Контрольный номер UONB/MAIN/fa143728bbe9421cabc0bf70cffd14ca
005 Дата корректировки 20250130153541.5
100 Данные общей обработки __
a Данные общей обработки 20250130b2000 u y0rusy0189 ca
101 Язык документа 0_
a Язык текста rus
f Язык титульного листа rus
102 Страна публикации __
a Страна публикации RU
200 Заглавие и сведения об ответственности 1_
a Заглавие Обучение с увлечением
e Сведения, относящиеся к заглавию нескучная антология облегченных переложений популярных мелодий для аккордеона и баяна
e Сведения, относящиеся к заглавию учебно-педагогический репертуар
210 Выходные данные 1_
a Место издания Москва
c Издательство Мелограф
d Дата издания 2000 -
215 Физическое описание __
d Формат 29 см
686 Индексы других классификаций __
a Классификационный индекс 85
2 Код системы rubbk
801 Источник записи _0
a Страна RU
b Организация Ульяновская ОНБ
c Дата составления 20250130
g Правила каталогизации RCR
801 Источник записи _1
a Страна RU
b Организация Ульяновская ОНБ
c Дата составления 20250130
g Правила каталогизации RCR
901 Тип документа __
t Тип документа v
909 Создатель записи __
a Создатель записи Никитина Т. А.
b Дата создания записи 20250130